| 000 | 003270000a22001330004500 | ||
|---|---|---|---|
| 003 | MACL | ||
| 040 | _aMACL | ||
| 090 |
_c34780 _d34778 |
||
| 100 | _aKaviraja, Gopi Natha | ||
| 245 | _aThe princess of Wales Sarasrati Bhavana Sudies | ||
| 260 |
_bGovernment Sanskrit Library _c1925 |
||
| 650 | _aHistory | ||
| 942 |
_cBOOK _k934/kav |
||
| 999 |
_c34415 _d34415 |
||